ความรู้เรื่องตราต่าง ๆ พระราชลัญจกร (ระเบียนเลขที่ 648)
| 000 -LEADER | |
|---|---|
| fixed length control field | 00906nam a22002297a 4500 |
| 005 - DATE AND TIME OF LATEST TRANSACTION | |
| control field | 20210325173145.0 |
| 008 - FIXED-LENGTH DATA ELEMENTS--GENERAL INFORMATION | |
| fixed length control field | s2527 th tha d |
| 041 ## - LANGUAGE CODE | |
| Language code of text/sound track or separate title | tha |
| 050 ## - LIBRARY OF CONGRESS CALL NUMBER | |
| Classification number | CD6223 ส4 2527 |
| 100 0# - MAIN ENTRY--PERSONAL NAME | |
| Personal name | สมบัติ พลายน้อย |
| 245 10 - TITLE STATEMENT | |
| Title | ความรู้เรื่องตราต่าง ๆ พระราชลัญจกร |
| 260 3# - PUBLICATION, DISTRIBUTION, ETC. | |
| Place of publication, distribution, etc. | กรุงเทพฯ : |
| Name of publisher, distributor, etc. | รวมสาส์น, |
| Date of publication, distribution, etc. | 2527 |
| 300 ## - PHYSICAL DESCRIPTION | |
| Extent | 71 หน้า : |
| Other physical details | ภาพประกอบ |
| 650 04 - SUBJECT ADDED ENTRY--TOPICAL TERM | |
| Topical term or geographic name entry element | พระราชลัญจกร |
| 650 04 - SUBJECT ADDED ENTRY--TOPICAL TERM | |
| Topical term or geographic name entry element | ตรา |
| 650 04 - SUBJECT ADDED ENTRY--TOPICAL TERM | |
| Topical term or geographic name entry element | เครื่องราชอิสริยาภรณ์ -- ไทย |
| 650 04 - SUBJECT ADDED ENTRY--TOPICAL TERM | |
| Topical term or geographic name entry element | เครื่องหมายราชการ -- ไทย |
| 850 ## - HOLDING INSTITUTION | |
| Holding institution | NALT |
| 942 ## - ADDED ENTRY ELEMENTS (KOHA) | |
| Koha item type | General Book |
| Koha issues (borrowed), all copies | 1 |
| 997 ## - | |
| -- | 000000000000648 |
| -- | [อาคารรัฐสภา 2] |
| 998 ## - LOCAL CONTROL INFORMATION (RLIN) | |
| -- | Mr.mover Books |
| Withdrawn status | Lost status | Damaged status | Not for loan | Collection code | Home library | Current library | Shelving location | Total Checkouts | Full call number | Barcode | Date last seen | Copy number | Price effective from | Koha item type | Source of classification or shelving scheme | Date last checked out |
|---|---|---|---|---|---|---|---|---|---|---|---|---|---|---|---|---|
| Not for Loan | General Book collection | National Assembly Library of Thailand | National Assembly Library of Thailand | Parliament Building 2 | CD 6223 ส4 2527 | 3961101023 | 09/06/2017 | ฉ. 4 | 09/06/2017 | General Book | ||||||
| Not for Loan | General Book collection | National Assembly Library of Thailand | National Assembly Library of Thailand | Parliament Building 2 | CD 6223 ส4 2527 | 3961101022 | 09/06/2017 | ฉ. 3 | 09/06/2017 | General Book | ||||||
| General Book collection | National Assembly Library of Thailand | National Assembly Library of Thailand | 1 | CD 6223 ส4 2527 | 3961101021 | 01/12/2017 | ฉ. 2 | 09/06/2017 | General Book | Library of Congress Classification | 17/11/2017 | |||||
| Not for Loan | General Book collection | National Assembly Library of Thailand | National Assembly Library of Thailand | Parliament Building 2 | CD 6223 ส4 2527 | 3961101020 | 09/06/2017 | ฉ. 1 | 09/06/2017 | General Book |
